Adolescent identity formation
| Contributors: | ; ; |
|---|---|
| Format: | Print Book |
| Language: | English |
| Published: |
Newbury Park, Calif. [u.a.]
Sage
1992
|
| In: |
Advances in adolescent development (4)
Year: 1992 |
| Availability in Tübingen: | Present in Tübingen. UB: KB 19 A 288 |
| Check availability: | HBZ Gateway |
| Subito Delivery Service: | Order now. |
| Keywords: |
MARC
| LEADER | 00000cam a2200000 c 4500 | ||
|---|---|---|---|
| 001 | 112274412 | ||
| 003 | DE-627 | ||
| 005 | 20251222200018.0 | ||
| 007 | tu | ||
| 008 | 921121s1992 xxu||||| 00| ||eng c | ||
| 016 | 7 | |a 0803946155 |2 UK | |
| 020 | |a 0803946155 |9 0-8039-4615-5 | ||
| 020 | |a 0803946163 |c (pbk) |9 0-8039-4616-3 | ||
| 035 | |a (DE-627)112274412 | ||
| 035 | |a (DE-576)032443757 | ||
| 035 | |a (DE-599)GBV112274412 | ||
| 035 | |a (OCoLC)27816553 | ||
| 035 | |a (OCoLC)27816553 | ||
| 035 | |a (DE-604)8059021640 | ||
| 040 | |a DE-627 |b ger |c DE-627 |e rakwb | ||
| 041 | |a eng | ||
| 044 | |c XD-US |c XA-GB |c XB-IN | ||
| 082 | 0 | |a 155.51825 | |
| 084 | |a CQ 6000 |2 rvk |0 (DE-625)rvk/19011: | ||
| 084 | |a CR 1000 |2 rvk |0 (DE-625)rvk/19030: | ||
| 245 | 0 | 0 | |a Adolescent identity formation |c ed. by Gerald R. Adams ... |
| 264 | 1 | |a Newbury Park, Calif. [u.a.] |b Sage |c 1992 | |
| 300 | |a IX, 240 S |b graph. Darst |c 23 cm | ||
| 336 | |a Text |b txt |2 rdacontent | ||
| 337 | |a ohne Hilfsmittel zu benutzen |b n |2 rdamedia | ||
| 338 | |a Band |b nc |2 rdacarrier | ||
| 490 | 1 | |a Advances in adolescent development |v 4 | |
| 650 | 4 | |a Adolescents |x Identity | |
| 650 | 4 | |a Identität | |
| 650 | 4 | |a Individuelle Entwicklung | |
| 650 | 4 | |a Adoleszenz | |
| 650 | 4 | |a Jugendprobleme | |
| 650 | 4 | |a Ichorganisation | |
| 689 | 0 | 0 | |d s |0 (DE-588)4072431-1 |0 (DE-627)10609520X |0 (DE-576)209186984 |a Heranwachsender |2 gnd |
| 689 | 0 | 1 | |d s |0 (DE-588)4138616-4 |0 (DE-627)10435366X |0 (DE-576)209687568 |a Identitätsentwicklung |2 gnd |
| 689 | 0 | |5 (DE-627) | |
| 700 | 1 | |a Adams, Gerald R. |d 1946- |e Hrsg. |0 (DE-588)171945255 |0 (DE-627)696836963 |0 (DE-576)13282311X |4 edt | |
| 700 | 1 | |a Gullotta, Thomas P. |d 1948- |0 (DE-588)138252173 |0 (DE-627)696449366 |0 (DE-576)161239250 |4 oth | |
| 700 | 1 | |a Montemayor, Raymond |4 oth | |
| 830 | 0 | |a Advances in adolescent development |v 4 |9 400 |w (DE-627)170494438 |w (DE-576)018463312 |w (DE-600)1065904-3 |x 1050-8589 |7 am | |
| 935 | |i Blocktest | ||
| 936 | r | v | |a CQ 6000 |b Kindheit und Jugend |k Psychologie |k Entwicklungspsychologie |k Kindheit und Jugend |0 (DE-627)1270875655 |0 (DE-625)rvk/19011: |0 (DE-576)200875655 |
| 936 | r | v | |a CR 1000 |b Einführung, Grundfragen, Lehrbücher, Kompendien |k Psychologie |k Differentielle Psychologie (Persönlichkeitspsychologie) |k Einführung, Grundfragen, Lehrbücher, Kompendien |0 (DE-627)1270708767 |0 (DE-625)rvk/19030: |0 (DE-576)200708767 |
| 951 | |a BO | ||
| ELC | |b 1 | ||
| LOK | |0 000 xxxxxcx a22 zn 4500 | ||
| LOK | |0 001 3169916742 | ||
| LOK | |0 003 DE-627 | ||
| LOK | |0 004 112274412 | ||
| LOK | |0 005 20151006123526 | ||
| LOK | |0 008 930322||||||||||||||||ger||||||| | ||
| LOK | |0 040 |a DE-21 |c DE-627 |d DE-21 | ||
| LOK | |0 852 |a DE-21 | ||
| LOK | |0 852 1 |c KB 19 A 288 |9 00 | ||
| LOK | |0 935 |a krim | ||
| LOK | |0 939 |a 22-03-93 |b l01 | ||
| ORI | |a SA-MARC-krimdoka001.raw | ||
| SIG | |a UB: KB 19 A 288 | ||
